Millennium : (Record no. 12432)
[ view plain ]
| 000 -LEADER | |
|---|---|
| fixed length control field | 01013nam a22002177a 4500 |
| 008 - FIXED-LENGTH DATA ELEMENTS--GENERAL INFORMATION | |
| fixed length control field | 090727t xxu||||| |||| 00| 0 eng d |
| 022 ## - INTERNATIONAL STANDARD SERIAL NUMBER | |
| International Standard Serial Number | 03058298 |
| 082 ## - DEWEY DECIMAL CLASSIFICATION NUMBER | |
| Classification number | 327.05 |
| Item number | MIL |
| 245 ## - TITLE STATEMENT | |
| Title | Millennium : |
| Remainder of title | Journal of International Studies / |
| 260 ## - PUBLICATION, DISTRIBUTION, ETC. (IMPRINT) | |
| Place of publication, distribution, etc | London : |
| Name of publisher, distributor, etc | London School of Economics ; |
| -- | Sage, |
| Date of publication, distribution, etc | 2008- |
| 300 ## - PHYSICAL DESCRIPTION | |
| Extent | v. |
| Other physical details | ill.; |
| Dimensions | 24 cm. |
| 310 ## - CURRENT PUBLICATION FREQUENCY | |
| Current publication frequency | Three times a year. |
| Date of current publication frequency | August, December, May. |
| 505 ## - FORMATTED CONTENTS NOTE | |
| Formatted contents note | Includes bibliographical references and index. |
| 650 #0 - SUBJECT ADDED ENTRY--TOPICAL TERM | |
| Topical term or geographic name as entry element | International relations |
| Form subdivision | Periodicals. |
| 9 (RLIN) | 8163 |
| 710 1# - ADDED ENTRY--CORPORATE NAME | |
| Corporate name or jurisdiction name as entry element | London School of Economics and Political Science. |
| 9 (RLIN) | 8164 |
| 856 ## - ELECTRONIC LOCATION AND ACCESS | |
| Uniform Resource Identifier | <a href="http://mil.sagepub.com/">http://mil.sagepub.com/</a> |
| 942 ## - ADDED ENTRY ELEMENTS (KOHA) | |
| Source of classification or shelving scheme | Dewey Decimal Classification |
| Item type | Periodical | Journal (NB) |
| Serial record | 1 |
| Withdrawn status | Lost status | Damaged status | Not for loan | Location (home branch) | Sublocation or collection (holding branch) | Shelving location | Date acquired | Source of acquisition | Koha issues (times borrowed) | Koha full call number | Piece designation (barcode) | Koha date last seen | Price effective from | Koha item type | Koha date last borrowed |
|---|---|---|---|---|---|---|---|---|---|---|---|---|---|---|---|
| Central Library | Central Library | First floor | 27/07/2009 | Purchase | 327.05 MIL | 000017588 | 25/07/2010 | 27/07/2009 | Periodical | Journal (NB) | ||||||
| Central Library | Central Library | First floor | 27/07/2009 | Purchase | 327.05 MIL | 000017589 | 25/07/2010 | 27/07/2009 | Periodical | Journal (NB) | ||||||
| Central Library | Central Library | First floor | 27/07/2009 | Purchase | 1 | 327.05 MIL | 000017591 | 31/10/2013 | 27/07/2009 | Periodical | Journal (NB) | 30/10/2013 |